Logo BPK

Biblioteka

Politechniki Koszalińskiej

Przepisy bezpieczeństwa i higieny pracy w projektowaniu obiektów budowlanych / (Rekord nr 26471)

Szczegóły MARC
000 -ETYKIETA REKORDU
podpole kontrolne o stałej długości 00494nam a2200169 i 4500
001 - NUMER KONTROLNY REKORDU
pole kontrolne bg
040 ## - ŹRÓDŁO KATALOGOWANIA
Instytucja, która utworzyła rekord BPK
041 ## - KOD JĘZYKA
Kod języka tekstu pol
080 ## - UNIWERSALNA KLASYFIKACJA DZIESIĘTNA - UKD
UKD 614.8:331.82:69.001.3
008 - POLE O STAŁEJ DŁUGOŚCI - DANE KONTROLNE
podpole kontrolne o stałej długości s pl f |000 0 pol
100 1# - NAZWA OSOBOWA
Nazwa osobowa CUKROWSKI, Mirosław
245 #0 - TYTUŁ/ODPOWIEDZIALNOŚĆ
Tytuł Przepisy bezpieczeństwa i higieny pracy w projektowaniu obiektów budowlanych /
Pozostałe elementy strefy tytułu i oznaczenia odpowiedzialności Mirosław Cukrowski, Stanisław Lach.
250 ## - STREFA WYDANIA
Oznaczenie wydania Wyd.4 popr.i uzup.
260 ## - STREFA ADRESU WYDAWNICZEGO
Miejsce wydania Warszawa,
Data publikacji, dystrybucji/powstania dokumentu 1974.
700 1# - HASŁO DODATKOWE - NAZWA OSOBOWA
Nazwa osobowa LACH, Stanisław
856 ## - LOKALIZACJA I DOSTĘP DO ELEKTRONICZNYCH DOKUMENTÓW ZDALNYCH
Link (URL) http://koha.tu.koszalin.pl/cgi-bin/koha/opac-detail.pl?biblionumber=26471
Tekst linku Katalog online BPK
942 ## - DODATKOWE ELEMENTY (KOHA)
Typ dokumentu Książka
Egzemplarze
Wycofany Status egzemplarza Uszkodzony Dostępność Lokalizacja stała Lokalizacja bieżąca Miejsce przechowywania Sygnatura Kod kreskowy Typ dokumentu
      Dostępny Biblioteka Politechniki Koszalińskiej Biblioteka Politechniki Koszalińskiej Wypożyczalnia BG 17833 01813265 Książka
      Dostępny Biblioteka Politechniki Koszalińskiej Biblioteka Politechniki Koszalińskiej Wypożyczalnia BG 17834 01120103 Książka
© 2023 Biblioteka Politechniki Koszalińskiej :: KOHA